Guia para implantação do sistema de controle interno na administração pública / (Record no. 7)

MARC details
000 -LÍDER
Campo Fixo de Controle 00935nam a2200253 a 4500
001 - NÚMERO DE CONTROLE
Campo de Controle 7
003 - IDENTIFICAÇÃO DO NÚMERO DE CONTROLE
Campo de Controle BR-CuiBMT
005 - DATA E HORA DA ÚLTIMA ATUALIZAÇÃO
Campo de Controle 20231212004025.0
008 - DADOS FIXOS
Dados Fixos 230711s2007 mtba s000 0 por d
020 ## - INTERNATIONAL STANDARD BOOK NUMBER
Nº do ISBN 9788598587035
040 ## - AGÊNCIA CATALOGADORA
Código da Agência Catalogadora BR-CuiBMT
Agência que transcreveu o registro BR-CuiBMT
080 ## - Nº DA CLASSIFICAÇÃO DECIMAL UNIVERSAL
Nº Class. CDU 35.078.3
Subd. Auxiliar Comum (036)
Nº edição CDU 2007
090 ## - NÚMERO DE CHAMADA
Complemento TCE/MT
Nº classificação 35.078.3(036)
Cutter M433g
110 1# - ENTRADA PRINCIPAL -- ENTIDADE
Nome da entidade ou lugar Mato Grosso.
Unidade subordinada Tribunal de Contas.
245 10 - TÍTULO PRINCIPAL
Título principal Guia para implantação do sistema de controle interno na administração pública /
Indicação de responsabilidade Tribunal de Contas de Mato Grosso.
260 ## - PUBLICAÇÃO, DISTRIBUIÇÃO, ETC.
Local de publicação Cuiabá :
Editora TCE-MT,
Data 2007.
300 ## - DESCRIÇÃO FÍSICA
N. páginas ou volumes 96 p. :
Ilustrações il. ;
Dimensões 23 cm
504 ## - NOTA DE BIBLIOGRAFIA, ETC.
Nota de bibliografia Inclui bibliografia.
650 ## - ASSUNTO TÓPICO
Cabeçalho tópico ou nome geográfico Controle interno
Subdivisão geral Administração pública
650 ## - ASSUNTO TÓPICO
Cabeçalho tópico ou nome geográfico Auditoria
Subdivisão geral Administração pública
650 ## - ASSUNTO TÓPICO
Cabeçalho tópico ou nome geográfico Tribunal de Contas
Subdivisão geográfica Mato Grosso
856 4# - LOCALIZAÇÃO E ACESSO ELETRÔNICO
Endereço eletrônico (URI) <a href="https://www.tce.mt.gov.br/uploads/flipbook/GuiadeControleInterno/index.html">https://www.tce.mt.gov.br/uploads/flipbook/GuiadeControleInterno/index.html</a>
Texto do link Disponível também online.
Localização e acesso eletrônico 24/09/2008
942 ## - ELEMENTOS DE ENTRADA ADICIONAIS (KOHA)
Fonte de classificação ou esquema de arquivamento Classificação Decimal Universal
Tipo de item do Koha Livros
Holdings
Estado: removido Estado: perdido Fonte de classificação ou esquema de arquivamento Estado: danificado Indisponível para empréstimo Localização permanente Localização atual Data de aquisição Fonte de aquisição Total Checkouts Número de Chamada completo Código de barras Date last seen Número do exemplar Preço efetivo a partir de Tipo de item (Koha)
    Classificação Decimal Universal     Biblioteca da Escola Superior de Contas do TCE/MT Biblioteca da Escola Superior de Contas do TCE/MT 24/09/2008 Doação   TCE/MT 35.078.3(036) M433g BIBTCEMT23070007 11/07/2023 Ex. 1 24/09/2008 Livros
    Classificação Decimal Universal     Biblioteca da Escola Superior de Contas do TCE/MT Biblioteca da Escola Superior de Contas do TCE/MT 24/09/2008 Doação   TCE/MT 35.078.3(036) M433g BIBTCEMT23070008 11/07/2023 Ex. 2 24/09/2008 Livros
    Classificação Decimal Universal     Biblioteca da Escola Superior de Contas do TCE/MT Biblioteca da Escola Superior de Contas do TCE/MT 24/09/2008 Doação   TCE/MT 35.078.3(036) M433g BIBTCEMT23090022 06/09/2023 Ex. 3 24/09/2008 Livros
    Classificação Decimal Universal     Biblioteca da Escola Superior de Contas do TCE/MT Biblioteca da Escola Superior de Contas do TCE/MT 24/09/2008 Doação   TCE/MT 35.078.3(036) M433g BIBTCEMT23090023 06/09/2023 Ex. 4 24/09/2008 Livros
    Classificação Decimal Universal     Biblioteca da Escola Superior de Contas do TCE/MT Biblioteca da Escola Superior de Contas do TCE/MT 24/09/2008 Doação   TCE/MT 35.078.3(036) M433g BIBTCEMT23090024 06/09/2023 Ex. 5 24/09/2008 Livros
    Classificação Decimal Universal     Biblioteca da Escola Superior de Contas do TCE/MT Biblioteca da Escola Superior de Contas do TCE/MT 24/09/2008 Doação   TCE/MT 35.078.3(036) M433g BIBTCEMT23090025 06/09/2023 Ex. 6 24/09/2008 Livros
    Classificação Decimal Universal     Biblioteca da Escola Superior de Contas do TCE/MT Biblioteca da Escola Superior de Contas do TCE/MT 24/09/2008 Doação   TCE/MT 35.078.3(036) M433g BIBTCEMT23090026 06/09/2023 Ex. 7 24/09/2008 Livros

Powered by Koha